000
00300nam a2200133Ia 4500
005
20251222140042.0
008
251222s1900||||xx |||||||||||||| ||spa||
082
_a
174/R71
100
_a
Robalino Bolle, Isabel
245
0
_a
Ética Profesional:
250
_a
1ra. ed.
264
_b
Jus
942
_c
LIB
999
_c
3325
_d
3325